书目信息 |
| 题名: |
人生与道德学习指导
|
|
| 作者: | 赵新民 主编 | |
| 分册: | ||
| 出版信息: | 北京 中国商业出版社 1990.12 |
|
| 页数: | 232页 | |
| 开本: | 19厘米 | |
| 丛书名: | ||
| 单 册: | ||
| 中图分类: | G718.3 | |
| 科图分类: | ||
| 主题词: | 共产主义道德--专业学校--教学参考资料 | |
| 电子资源: | ||
| ISBN: | 7-5044-0814-X | |
| 000 | 00668nam0 2200229 450 | |
| 001 | 0100338862 | |
| 005 | 20020928000000.0 | |
| 010 | @a7-5044-0814-X@dCNY2.70 | |
| 011 | @a7-5044-0814-X | |
| 100 | @a19910927d1990 em y0chiy0110 ea | |
| 101 | 0 | @achi |
| 102 | @aCN@b110000 | |
| 105 | @ay z 000yy | |
| 106 | @ar | |
| 200 | 1 | @a人生与道德学习指导@9Ren Sheng Yu Dao De Xue Xi Zhi Dao @f赵新民等主编@b专著 |
| 210 | @a北京@c中国商业出版社@d1990.12 | |
| 215 | @a232页@d19厘米 | |
| 606 | 0 | @a共产主义道德@x专业学校@x教学参考资料 |
| 690 | @aG718.3 | |
| 701 | 0 | @a赵新民@9zhao xin min@4主编 |
| 801 | 0 | @aCN@bAiZhiMarc@c19910927 |
| 905 | @aBZT@dG718.3@e10@f1@sG718.3/10 | |
| 人生与道德学习指导/赵新民等主编.-北京:中国商业出版社,1990.12 |
| 232页;19厘米 |
| ISBN 7-5044-0814-X:CNY2.70 |
| ● |
| 相关链接 |
|
|
|
正题名:人生与道德学习指导
索取号:G718.3/10
 
预约/预借
| 序号 | 登录号 | 条形码 | 馆藏地/架位号 | 状态 | 备注 |
| 1 | 2000119166 | 2000119166 | 旧书回溯/ [索取号:G718.3/10] | 在馆 |